[Event "DEM U16w 2025"]
[Site "Willingen GER"]
[Date "2025.06.08"]
[Round "2"]
[White "Richter, Johanna"]
[Black "Wartenberg, Alissa"]
[Result "1/2-1/2"]
[Termination "normal"]
[Board "8"]
[WhiteElo "1834"]
[BlackElo "1850"]
[WhiteClock "00:03:19"]
[BlackClock "00:02:18"]
[PlyCount "61"]
[WhiteFideId "16278925"]
[BlackFideId "16280741"]
[EventCountry "GER"]
[EventRounds "9"]
[EventType "swiss"]
[EventDate "2025.06.07"]

1. d4 {[%clk 01:30:59]} {[%emt 00:00:01]} Nf6 {[%clk 01:30:54]} {[%emt
00:00:06]} 2. c4 {[%clk 01:31:17]} {[%emt 00:00:12]} e6 {[%clk 01:31:20]}
{[%emt 00:00:05]} 3. g3 {[%clk 01:31:43]} {[%emt 00:00:03]} b6 {[%clk
01:31:29]} {[%emt 00:00:22]} 4. Bg2 {[%clk 01:32:09]} {[%emt 00:00:04]} d5
{[%clk 01:27:42]} {[%emt 00:04:17]} 5. Nf3 {[%clk 01:27:43]} {[%emt 00:04:55]}
Bb7 {[%clk 01:25:25]} {[%emt 00:02:48]} 6. b3 {[%clk 01:15:13]} {[%emt
00:13:00]} Be7 {[%clk 01:24:06]} {[%emt 00:01:48]} 7. O-O {[%clk 01:12:12]}
{[%emt 00:03:31]} O-O {[%clk 01:23:25]} {[%emt 00:01:11]} 8. Bb2 {[%clk
01:09:52]} {[%emt 00:02:50]} Nbd7 {[%clk 01:16:31]} {[%emt 00:07:24]} 9. Nbd2
{[%clk 01:06:33]} {[%emt 00:03:48]} Rc8 {[%clk 01:11:23]} {[%emt 00:05:38]} 10.
Re1 {[%clk 01:01:21]} {[%emt 00:05:43]} c5 {[%clk 01:02:55]} {[%emt 00:08:58]}
11. Rc1 {[%clk 00:55:40]} {[%emt 00:06:11]} Re8 {[%clk 00:56:04]} {[%emt
00:07:20]} 12. e3 {[%clk 00:51:56]} {[%emt 00:04:14]} Bd6 {[%clk 00:48:13]}
{[%emt 00:08:22]} 13. Ne5 {[%clk 00:47:45]} {[%emt 00:04:40]} Bb8 {[%clk
00:43:45]} {[%emt 00:04:59]} 14. Nxd7 {[%emt 00:14:04]} Nxd7 {[%clk 00:37:54]}
{[%emt 00:00:18]} 15. a3 {[%clk 00:26:09]} {[%emt 00:14:35]} Bc6 {[%clk
00:28:10]} {[%emt 00:10:14]} 16. cxd5 {[%clk 00:20:44]} {[%emt 00:05:54]} Bxd5
{[%clk 00:22:59]} {[%emt 00:05:42]} 17. Bxd5 {[%clk 00:12:53]} {[%emt
00:08:22]} exd5 {[%clk 00:23:24]} {[%emt 00:00:04]} 18. e4 {[%clk 00:07:54]}
{[%emt 00:05:28]} dxe4 {[%clk 00:19:56]} {[%emt 00:03:58]} 19. Nxe4 {[%clk
00:07:16]} {[%emt 00:01:10]} Nf6 {[%clk 00:18:23]} {[%emt 00:02:02]} 20. Nxf6+
{[%clk 00:04:55]} {[%emt 00:02:51]} Qxf6 {[%clk 00:18:08]} {[%emt 00:00:45]}
21. Rxe8+ {[%clk 00:04:38]} {[%emt 00:00:47]} Rxe8 {[%clk 00:13:54]} {[%emt
00:04:43]} 22. Rc2 {[%clk 00:04:13]} {[%emt 00:00:55]} cxd4 {[%clk 00:07:50]}
{[%emt 00:06:35]} 23. Qxd4 {[%clk 00:03:59]} {[%emt 00:00:43]} Qxd4 {[%clk
00:06:38]} {[%emt 00:01:42]} 24. Bxd4 {[%clk 00:04:28]} {[%emt 00:00:01]} f6
{[%clk 00:06:18]} {[%emt 00:00:51]} 25. Kf1 {[%clk 00:03:39]} {[%emt 00:01:18]}
Kf7 {[%clk 00:05:29]} {[%emt 00:01:19]} 26. Be3 {[%clk 00:03:52]} {[%emt
00:00:17]} Be5 {[%clk 00:04:36]} {[%emt 00:01:25]} 27. Ke2 {[%clk 00:03:29]}
{[%emt 00:00:52]} Bd6 {[%clk 00:03:05]} {[%emt 00:02:01]} 28. a4 {[%clk
00:02:39]} {[%emt 00:01:20]} Bc5 {[%clk 00:02:33]} {[%emt 00:01:02]} 29. Kf3
{[%clk 00:03:03]} {[%emt 00:00:07]} Bxe3 {[%clk 00:02:49]} {[%emt 00:00:14]}
30. fxe3 {[%clk 00:03:31]} Re7 {[%clk 00:02:18]} {[%emt 00:01:02]} 31. Rc3
{[%clk 00:03:19]} {[%emt 00:00:40]} 1/2-1/2

[Event "DEM U16w 2025"]
[Site "Willingen GER"]
[Date "2025.06.08"]
[Round "2"]
[White "Fischermann, Charlotte"]
[Black "Moldovan, Stela"]
[Result "0-1"]
[Termination "normal"]
[Board "9"]
[WhiteElo "1715"]
[BlackElo "1711"]
[WhiteClock "00:23:07"]
[BlackClock "00:36:24"]
[PlyCount "138"]
[WhiteFideId "34619690"]
[BlackFideId "16287380"]
[EventCountry "GER"]
[EventRounds "9"]
[EventType "swiss"]
[EventDate "2025.06.07"]

1. e4 {[%clk 01:30:55]} {[%emt 00:00:04]} c6 {[%clk 01:30:16]} {[%emt
00:00:45]} 2. d4 {[%clk 01:31:08]} {[%emt 00:00:16]} d5 {[%clk 01:30:36]}
{[%emt 00:00:10]} 3. exd5 {[%clk 01:31:27]} {[%emt 00:00:11]} cxd5 {[%clk
01:30:56]} {[%emt 00:00:10]} 4. Bd3 {[%clk 01:31:29]} {[%emt 00:00:28]} Nc6
{[%clk 01:29:12]} {[%emt 00:02:15]} 5. c3 {[%clk 01:31:08]} {[%emt 00:00:51]}
Nf6 {[%clk 01:28:56]} {[%emt 00:00:47]} 6. h3 {[%clk 01:31:00]} {[%emt
00:00:36]} Qc7 {[%clk 01:26:10]} {[%emt 00:03:15]} 7. Nf3 {[%clk 01:28:55]}
{[%emt 00:02:35]} e6 {[%clk 01:25:19]} {[%emt 00:01:23]} 8. Qe2 {[%clk
01:24:30]} {[%emt 00:04:55]} Bd7 {[%clk 01:20:58]} {[%emt 00:04:51]} 9. O-O
{[%clk 01:24:09]} {[%emt 00:00:51]} Bd6 {[%clk 01:20:17]} {[%emt 00:01:10]} 10.
Re1 {[%clk 01:22:39]} {[%emt 00:02:00]} h6 {[%clk 01:19:12]} {[%emt 00:01:36]}
11. Ne5 {[%clk 01:18:00]} {[%emt 00:05:08]} a6 {[%clk 01:15:39]} {[%emt
00:04:05]} 12. Nd2 {[%clk 01:14:36]} {[%emt 00:03:52]} b5 {[%clk 01:14:26]}
{[%emt 00:01:44]} 13. Ndf3 {[%clk 01:14:13]} {[%emt 00:00:53]} Na5 {[%clk
01:13:47]} {[%emt 00:01:09]} 14. Bf4 {[%clk 01:08:12]} {[%emt 00:06:30]} Bc6
{[%clk 01:11:37]} {[%emt 00:02:40]} 15. Bh2 {[%clk 01:05:45]} {[%emt 00:02:58]}
Bb7 {[%clk 01:10:19]} {[%emt 00:01:47]} 16. Kh1 {[%clk 01:04:53]} {[%emt
00:01:21]} Ne4 {[%clk 01:09:14]} {[%emt 00:01:36]} 17. Bxe4 {[%clk 01:02:01]}
{[%emt 00:03:22]} dxe4 {[%clk 01:08:25]} {[%emt 00:01:20]} 18. Nd2 {[%clk
01:02:10]} {[%emt 00:00:20]} O-O {[%clk 01:07:25]} {[%emt 00:01:30]} 19. Nxe4
{[%clk 01:01:39]} {[%emt 00:01:02]} Bxe5 {[%clk 01:02:59]} {[%emt 00:04:55]}
20. Bxe5 {[%clk 01:00:58]} {[%emt 00:01:11]} Qd7 {[%clk 01:02:56]} {[%emt
00:00:32]} 21. Nc5 {[%clk 01:00:22]} {[%emt 00:01:09]} Qd5 {[%clk 01:01:41]}
{[%emt 00:01:40]} 22. Nxb7 {[%clk 01:00:30]} {[%emt 00:00:26]} Qxb7 {[%clk
01:01:42]} {[%emt 00:00:30]} 23. Qg4 {[%clk 00:59:15]} {[%emt 00:01:43]} f5
{[%clk 01:01:51]} {[%emt 00:00:22]} 24. Qg6 {[%clk 00:58:27]} {[%emt 00:01:17]}
Qd7 {[%clk 01:02:11]} {[%emt 00:00:11]} 25. f4 {[%clk 00:53:12]} {[%emt
00:05:45]} Nc4 {[%clk 01:00:56]} {[%emt 00:01:44]} 26. b3 {[%clk 00:51:57]}
{[%emt 00:01:45]} Nd2 {[%clk 01:01:02]} {[%emt 00:00:24]} 27. Qg3 {[%clk
00:49:37]} {[%emt 00:02:50]} Rac8 {[%clk 01:00:45]} {[%emt 00:00:47]} 28. Qe3
{[%clk 00:47:45]} {[%emt 00:02:21]} Ne4 {[%clk 00:59:41]} {[%emt 00:01:35]} 29.
Rec1 {[%clk 00:46:58]} {[%emt 00:01:16]} Rc6 {[%clk 00:58:03]} {[%emt
00:02:07]} 30. Rc2 {[%clk 00:45:56]} {[%emt 00:01:33]} Rfc8 {[%clk 00:57:52]}
{[%emt 00:00:41]} 31. Rac1 {[%clk 00:45:36]} {[%emt 00:00:51]} a5 {[%clk
00:56:20]} {[%emt 00:02:03]} 32. Kh2 {[%clk 00:42:32]} {[%emt 00:03:33]} Qa7
{[%clk 00:54:05]} {[%emt 00:02:44]} 33. Qd3 {[%clk 00:41:44]} {[%emt 00:01:16]}
Qa6 {[%clk 00:53:30]} {[%emt 00:01:07]} 34. c4 {[%clk 00:41:08]} {[%emt
00:01:07]} b4 {[%clk 00:53:39]} {[%emt 00:00:21]} 35. d5 {[%clk 00:39:07]}
{[%emt 00:02:31]} Rd8 {[%clk 00:53:03]} {[%emt 00:01:04]} 36. Qd4 {[%clk
00:38:20]} {[%emt 00:01:18]} Nc3 {[%clk 00:47:29]} {[%emt 00:06:04]} 37. Bxg7
{[%clk 00:27:40]} {[%emt 00:11:11]} exd5 {[%clk 00:44:24]} {[%emt 00:03:35]}
38. Be5 {[%clk 00:26:29]} {[%emt 00:01:40]} Rg6 {[%clk 00:43:25]} {[%emt
00:01:26]} 39. Qc5 {[%clk 00:22:38]} {[%emt 00:04:24]} dxc4 {[%clk 00:41:22]}
{[%emt 00:02:35]} 40. Bxc3 {[%clk 00:18:15]} {[%emt 00:04:51]} cxb3 {[%clk
00:40:29]} {[%emt 00:01:24]} 41. axb3 {[%clk 00:09:05]} {[%emt 00:09:41]} bxc3
{[%clk 00:40:41]} {[%emt 00:00:18]} 42. Qxc3 {[%clk 00:07:15]} {[%emt
00:02:19]} Qd3 {[%clk 00:32:18]} {[%emt 00:08:53]} 43. Qxa5 {[%clk 00:06:33]}
{[%emt 00:01:12]} Re8 {[%clk 00:30:38]} {[%emt 00:02:09]} 44. Qc3 {[%clk
00:06:07]} {[%emt 00:00:56]} Qd6 {[%clk 00:30:11]} {[%emt 00:00:54]} 45. Qc4+
{[%clk 00:05:47]} {[%emt 00:00:54]} Kh8 {[%clk 00:30:03]} {[%emt 00:00:34]} 46.
Qc7 {[%clk 00:04:24]} {[%emt 00:01:57]} Qd5 {[%clk 00:29:30]} {[%emt 00:00:59]}
47. Qc3+ {[%clk 00:03:56]} {[%emt 00:01:01]} Kh7 {[%clk 00:29:32]} {[%emt
00:00:29]} 48. Rd2 {[%clk 00:03:44]} {[%emt 00:00:42]} Qe6 {[%clk 00:27:55]}
{[%emt 00:02:05]} 49. Qd3 {[%clk 00:01:59]} {[%emt 00:02:14]} Re7 {[%clk
00:27:54]} {[%emt 00:00:33]} 50. Rcc2 {[%clk 00:01:36]} {[%emt 00:00:53]} Reg7
{[%clk 00:27:02]} {[%emt 00:01:18]} 51. Re2 {[%clk 00:01:20]} {[%emt 00:00:48]}
Qf6 {[%clk 00:26:32]} {[%emt 00:00:49]} 52. Qc3 {[%clk 00:01:01]} {[%emt
00:01:01]} Qh4 {[%clk 00:26:37]} {[%emt 00:00:24]} 53. Qe5 {[%clk 00:29:08]}
{[%emt 00:02:20]} Qg3+ {[%clk 00:55:31]} {[%emt 00:01:43]} 54. Kh1 {[%clk
00:29:10]} {[%emt 00:00:26]} Qd3 {[%clk 00:55:44]} {[%emt 00:00:15]} 55. Rcd2
{[%clk 00:28:18]} {[%emt 00:01:24]} Qb1+ {[%clk 00:52:49]} {[%emt 00:03:26]}
56. Kh2 {[%clk 00:27:19]} {[%emt 00:01:28]} Qxb3 {[%clk 00:48:54]} {[%emt
00:04:25]} 57. Qxf5 {[%clk 00:27:15]} {[%emt 00:00:35]} Qc4 {[%clk 00:47:48]}
{[%emt 00:01:34]} 58. Qe4 {[%clk 00:27:10]} {[%emt 00:00:35]} Qc5 {[%clk
00:47:15]} {[%emt 00:00:57]} 59. Rd5 {[%clk 00:26:44]} {[%emt 00:01:02]} Qa3
{[%clk 00:47:09]} {[%emt 00:00:35]} 60. Rd3 {[%clk 00:26:41]} {[%emt 00:00:32]}
Qc5 {[%clk 00:46:17]} {[%emt 00:01:24]} 61. Rf3 {[%clk 00:25:43]} {[%emt
00:01:29]} Qd6 {[%clk 00:45:10]} {[%emt 00:01:34]} 62. Qe5 {[%clk 00:25:15]}
{[%emt 00:00:57]} Qc6 {[%clk 00:44:34]} {[%emt 00:01:05]} 63. Rff2 {[%clk
00:25:20]} {[%emt 00:00:31]} Qc1 {[%clk 00:42:37]} {[%emt 00:02:26]} 64. f5
{[%clk 00:24:30]} {[%emt 00:01:21]} Rg3 {[%clk 00:40:58]} {[%emt 00:02:09]} 65.
f6 {[%clk 00:24:01]} {[%emt 00:00:59]} Rg8 {[%clk 00:37:42]} {[%emt 00:03:45]}
66. f7 {[%clk 00:24:01]} {[%emt 00:00:31]} R8g5 {[%clk 00:35:34]} {[%emt
00:02:39]} 67. Qe4+ {[%clk 00:23:08]} {[%emt 00:01:23]} Rg6 {[%clk 00:35:45]}
{[%emt 00:00:52]} 68. f8=Q {[%clk 00:23:08]} {[%emt 00:00:56]} Rxh3+ {[%clk
00:36:02]} {[%emt 00:00:14]} 69. gxh3 {[%clk 00:23:07]} {[%emt 00:00:31]} Qg1#
{[%clk 00:36:24]} {[%emt 00:00:06]} 0-1

[Event "DEM U16w 2025"]
[Site "Willingen GER"]
[Date "2025.06.08"]
[Round "2"]
[White "Kutz, Ida Klara"]
[Black "Hoffmann, Svenja"]
[Result "1-0"]
[Termination "normal"]
[Board "10"]
[WhiteElo "1783"]
[BlackElo "1761"]
[WhiteClock "00:26:03"]
[BlackClock "00:25:06"]
[PlyCount "103"]
[WhiteFideId "16296257"]
[BlackFideId "16287312"]
[EventCountry "GER"]
[EventRounds "9"]
[EventType "swiss"]
[EventDate "2025.06.07"]

1. d4 {[%clk 01:30:59]} Nf6 {[%clk 01:30:45]} {[%emt 00:00:16]} 2. Nf3 {[%clk
01:31:19]} {[%emt 00:00:11]} g6 {[%clk 01:30:52]} {[%emt 00:00:22]} 3. b3
{[%clk 01:31:20]} {[%emt 00:00:29]} Bg7 {[%clk 01:31:09]} {[%emt 00:00:12]} 4.
Bb2 {[%clk 01:31:45]} {[%emt 00:00:05]} O-O {[%clk 01:30:07]} {[%emt 00:01:32]}
5. e3 {[%clk 01:31:57]} {[%emt 00:00:18]} d6 {[%clk 01:29:15]} {[%emt
00:01:23]} 6. Be2 {[%clk 01:31:42]} {[%emt 00:00:43]} Nc6 {[%clk 01:25:35]}
{[%emt 00:04:11]} 7. c4 {[%clk 01:27:44]} {[%emt 00:04:28]} Re8 {[%clk
01:23:14]} {[%emt 00:02:51]} 8. O-O {[%clk 01:27:09]} {[%emt 00:01:05]} Bg4
{[%clk 01:19:05]} {[%emt 00:04:41]} 9. Nc3 {[%clk 01:24:27]} {[%emt 00:03:10]}
Qd7 {[%clk 01:11:03]} {[%emt 00:08:32]} 10. Rc1 {[%clk 01:21:01]} {[%emt
00:03:56]} e5 {[%clk 01:07:27]} {[%emt 00:04:07]} 11. dxe5 {[%clk 01:18:41]}
{[%emt 00:02:49]} dxe5 {[%clk 01:07:35]} {[%emt 00:00:22]} 12. Qxd7 {[%clk
01:17:08]} {[%emt 00:02:03]} Nxd7 {[%clk 01:07:41]} {[%emt 00:00:24]} 13. h3
{[%clk 01:10:50]} {[%emt 00:06:48]} Bxf3 {[%clk 01:03:29]} {[%emt 00:04:43]}
14. Bxf3 {[%clk 01:10:50]} {[%emt 00:00:28]} e4 {[%clk 01:03:39]} {[%emt
00:00:22]} 15. Be2 {[%clk 01:09:48]} {[%emt 00:01:31]} Rad8 {[%clk 01:00:15]}
{[%emt 00:03:54]} 16. Ba3 {[%clk 01:01:12]} {[%emt 00:09:07]} Nf6 {[%clk
00:57:23]} {[%emt 00:03:22]} 17. Rfd1 {[%clk 00:56:28]} {[%emt 00:05:13]} a6
{[%clk 00:50:30]} {[%emt 00:07:23]} 18. Nd5 {[%clk 00:49:28]} {[%emt 00:07:30]}
Nxd5 {[%clk 00:50:14]} {[%emt 00:00:47]} 19. cxd5 {[%clk 00:49:12]} {[%emt
00:00:46]} Ne7 {[%clk 00:50:12]} {[%emt 00:00:31]} 20. Rxc7 {[%clk 00:44:21]}
{[%emt 00:05:22]} Nxd5 {[%clk 00:50:18]} {[%emt 00:00:24]} 21. Rxb7 {[%clk
00:44:06]} {[%emt 00:00:45]} Nc3 {[%clk 00:49:44]} {[%emt 00:01:05]} 22. Re1
{[%clk 00:44:24]} {[%emt 00:00:10]} Rd2 {[%clk 00:48:15]} {[%emt 00:02:00]} 23.
Bc4 {[%clk 00:44:38]} {[%emt 00:00:16]} Nd5 {[%clk 00:46:28]} {[%emt 00:02:16]}
24. Rd7 {[%clk 00:43:49]} {[%emt 00:01:18]} Bc3 {[%clk 00:39:05]} {[%emt
00:07:54]} 25. Rc1 {[%clk 00:43:06]} {[%emt 00:01:14]} Re5 {[%clk 00:37:41]}
{[%emt 00:01:53]} 26. Bxd5 {[%clk 00:41:41]} {[%emt 00:01:55]} Rexd5 {[%clk
00:32:15]} {[%emt 00:05:56]} 27. Rxd5 {[%clk 00:41:59]} {[%emt 00:00:12]} Rxd5
{[%clk 00:32:14]} {[%emt 00:00:31]} 28. Rxc3 {[%clk 00:42:20]} {[%emt
00:00:09]} Rd1+ {[%clk 00:32:29]} {[%emt 00:00:15]} 29. Kh2 {[%clk 00:42:41]}
{[%emt 00:00:08]} Rd2 {[%clk 00:32:54]} {[%emt 00:00:06]} 30. Rc8+ {[%clk
00:41:05]} {[%emt 00:02:05]} Kg7 {[%clk 00:33:15]} {[%emt 00:00:09]} 31. Bf8+
{[%clk 00:41:25]} {[%emt 00:00:10]} Kf6 {[%clk 00:33:31]} {[%emt 00:00:14]} 32.
Rc6+ {[%clk 00:41:37]} {[%emt 00:00:18]} Kg5 {[%clk 00:33:45]} {[%emt
00:00:16]} 33. Bg7 {[%clk 00:41:00]} {[%emt 00:01:07]} Rxa2 {[%clk 00:33:35]}
{[%emt 00:00:40]} 34. Rc5+ {[%clk 00:41:24]} {[%emt 00:00:06]} f5 {[%clk
00:33:53]} {[%emt 00:00:11]} 35. Kg1 {[%clk 00:38:50]} {[%emt 00:03:04]} a5
{[%clk 00:33:13]} {[%emt 00:01:11]} 36. g4 {[%clk 00:34:00]} {[%emt 00:05:19]}
Ra3 {[%clk 00:32:52]} {[%emt 00:00:51]} 37. Kg2 {[%clk 00:33:06]} {[%emt
00:01:25]} h5 {[%clk 00:32:48]} {[%emt 00:00:34]} 38. Rc6 {[%clk 00:30:56]}
{[%emt 00:02:40]} hxg4 {[%clk 00:32:23]} {[%emt 00:00:55]} 39. Bf6+ {[%clk
00:27:47]} {[%emt 00:03:39]} Kh5 {[%clk 00:32:07]} {[%emt 00:00:45]} 40. h4
{[%clk 00:26:10]} {[%emt 00:02:08]} Rxb3 {[%clk 00:31:09]} {[%emt 00:01:29]}
41. Bg5 {[%clk 00:26:13]} {[%emt 00:00:26]} Rb7 {[%clk 00:29:57]} {[%emt
00:01:41]} 42. Ra6 {[%clk 00:25:48]} {[%emt 00:00:56]} Rb8 {[%clk 00:29:23]}
{[%emt 00:01:04]} 43. Rxa5 {[%clk 00:26:08]} {[%emt 00:00:10]} g3 {[%clk
00:28:28]} {[%emt 00:01:25]} 44. Kxg3 {[%clk 00:26:22]} {[%emt 00:00:16]} Rb1
{[%clk 00:27:22]} {[%emt 00:01:36]} 45. Ra8 {[%clk 00:25:47]} {[%emt 00:01:06]}
Rg1+ {[%clk 00:26:58]} {[%emt 00:00:53]} 46. Kf4 {[%clk 00:26:04]} {[%emt
00:00:12]} Rg4+ {[%clk 00:27:07]} {[%emt 00:00:21]} 47. Ke5 {[%clk 00:26:21]}
{[%emt 00:00:14]} Rg2 {[%clk 00:27:27]} {[%emt 00:00:10]} 48. f3 {[%clk
00:24:47]} {[%emt 00:02:05]} exf3 {[%clk 00:27:25]} {[%emt 00:00:32]} 49. Kf4
{[%clk 00:25:06]} {[%emt 00:00:10]} Rg4+ {[%clk 00:27:13]} {[%emt 00:00:41]}
50. Kxf3 {[%clk 00:25:27]} {[%emt 00:00:10]} Rg3+ {[%clk 00:24:41]} {[%emt
00:03:02]} 51. Kxg3 {[%clk 00:25:38]} {[%emt 00:00:19]} f4+ {[%clk 00:25:06]}
{[%emt 00:00:05]} 52. Kh3 {[%clk 00:26:03]} {[%emt 00:00:05]} 1-0

[Event "DEM U16w 2025"]
[Site "Willingen GER"]
[Date "2025.06.08"]
[Round "2"]
[White "Schulten, Namita"]
[Black "Prokscha, Charlotte"]
[Result "1-0"]
[Termination "normal"]
[Board "11"]
[WhiteElo "1696"]
[BlackElo "1808"]
[WhiteClock "01:16:49"]
[BlackClock "00:13:09"]
[PlyCount "53"]
[WhiteFideId "34663568"]
[BlackFideId "34614699"]
[EventCountry "GER"]
[EventRounds "9"]
[EventType "swiss"]
[EventDate "2025.06.07"]

1. e4 {[%clk 01:30:59]} c5 {[%clk 01:30:54]} {[%emt 00:00:06]} 2. Nf3 {[%clk
01:31:25]} {[%emt 00:00:05]} Nc6 {[%clk 01:31:18]} {[%emt 00:00:06]} 3. b4
{[%clk 01:31:51]} {[%emt 00:00:04]} cxb4 {[%clk 01:31:42]} {[%emt 00:00:07]} 4.
d4 {[%clk 01:32:16]} {[%emt 00:00:03]} d5 {[%clk 01:28:36]} {[%emt 00:03:37]}
5. exd5 {[%clk 01:32:37]} {[%emt 00:00:08]} Qxd5 {[%clk 01:28:48]} {[%emt
00:00:17]} 6. c4 {[%clk 01:33:03]} {[%emt 00:00:05]} Qe4+ {[%clk 01:24:26]}
{[%emt 00:04:50]} 7. Be3 {[%clk 01:32:44]} {[%emt 00:00:52]} Bg4 {[%clk
01:06:11]} {[%emt 00:18:44]} 8. Nbd2 {[%clk 01:29:43]} {[%emt 00:03:31]} Qf5
{[%clk 01:01:08]} {[%emt 00:05:33]} 9. h3 {[%clk 01:28:10]} {[%emt 00:02:03]}
Bxf3 {[%clk 01:00:40]} {[%emt 00:00:58]} 10. Nxf3 {[%clk 01:28:33]} {[%emt
00:00:07]} e6 {[%clk 00:59:19]} {[%emt 00:01:50]} 11. d5 {[%clk 01:26:45]}
{[%emt 00:02:19]} exd5 {[%clk 00:58:10]} {[%emt 00:01:40]} 12. cxd5 {[%clk
01:27:09]} {[%emt 00:00:06]} Rd8 {[%clk 00:58:15]} {[%emt 00:00:24]} 13. Bc4
{[%clk 01:25:29]} {[%emt 00:02:10]} Nf6 {[%clk 00:55:01]} {[%emt 00:03:45]} 14.
Qb3 {[%clk 01:23:41]} {[%emt 00:02:18]} Nxd5 {[%clk 00:51:51]} {[%emt
00:03:39]} 15. Ng5 {[%clk 01:19:25]} {[%emt 00:04:46]} f6 {[%clk 00:34:57]}
{[%emt 00:17:25]} 16. Rd1 {[%clk 01:17:35]} {[%emt 00:02:19]} fxg5 {[%clk
00:28:41]} {[%emt 00:06:47]} 17. Bxd5 {[%clk 01:17:53]} {[%emt 00:00:12]} Qf6
{[%clk 00:24:49]} {[%emt 00:04:16]} 18. O-O {[%clk 01:17:30]} {[%emt 00:00:58]}
Be7 {[%clk 00:21:12]} {[%emt 00:04:07]} 19. Rfe1 {[%clk 01:17:48]} {[%emt
00:00:11]} Kf8 {[%clk 00:20:04]} {[%emt 00:01:39]} 20. Bxc6 {[%clk 01:17:12]}
{[%emt 00:01:05]} Rxd1 {[%clk 00:18:41]} {[%emt 00:01:54]} 21. Rxd1 {[%clk
01:17:36]} {[%emt 00:00:07]} bxc6 {[%clk 00:18:26]} {[%emt 00:00:44]} 22. Bxa7
{[%clk 01:17:17]} {[%emt 00:00:50]} h5 {[%clk 00:17:56]} {[%emt 00:01:00]} 23.
Bd4 {[%clk 01:17:00]} {[%emt 00:00:46]} Qf7 {[%clk 00:17:11]} {[%emt 00:01:14]}
24. Rc1 {[%clk 01:15:49]} {[%emt 00:01:42]} Qd5 {[%clk 00:12:26]} {[%emt
00:05:14]} 25. Qxd5 {[%clk 01:16:05]} {[%emt 00:00:15]} cxd5 {[%clk 00:12:49]}
{[%emt 00:00:07]} 26. Rc8+ {[%clk 01:16:28]} {[%emt 00:00:06]} Kf7 {[%clk
00:13:09]} {[%emt 00:00:11]} 27. Rxh8 {[%clk 01:16:49]} {[%emt 00:00:08]} 1-0